| 000 | 00565nam a2200181 a 4500 | ||
|---|---|---|---|
| 005 | 20230203064311.0 | ||
| 008 | 991125s1966 bue 000 0 spa u | ||
| 035 | _aUPN01000015412 | ||
| 049 | _aCG | ||
| 050 | 4 |
_aLB1050 _bL3.3 |
|
| 100 | 1 |
_aLacau, María Hortensia Palisa Mujica de, _d1910-2006 _928851 |
|
| 245 | 1 | 0 |
_aDidáctica de la lectura creadora / _cMaría Hortencia Lacau. |
| 260 |
_aBuenos Aires : _bKapelusz, _c1966. |
||
| 300 | _a253 p. | ||
| 440 | 0 | _aBiblioteca de cultura pedagógica | |
| 650 | 4 |
_aLectura _xEstudio y enseñanza _96274 |
|
| 905 | _aLibro | ||
| 999 |
_c15412 _d15412 |
||